The roots of religion: exploring the cognitive science of religion
| Contributors: | ; |
|---|---|
| Format: | Print Book |
| Language: | English |
| Subito Delivery Service: | Order now. |
| Check availability: | HBZ Gateway |
| WorldCat: | WorldCat |
| Interlibrary Loan: | Interlibrary Loan for the Fachinformationsdienste (Specialized Information Services in Germany) |
| Published: |
Farnham [u.a.]
Ashgate
c 2014
|
| In: | Year: 2014 |
| Volumes / Articles: | Show volumes/articles. |
| Series/Journal: | Ashgate science and religion series
|
| Standardized Subjects / Keyword chains: | B
Religion
/ Cognitive science
B Kognitive Religionswissenschaft |
| RelBib Classification: | AE Psychology of religion |
| Further subjects: | B
Cognitive Science
B Collection of essays B Psychology, Religious |
| Online Access: |
Table of Contents Blurb (Publisher) |
MARC
| LEADER | 00000cam a2200000 c 4500 | ||
|---|---|---|---|
| 001 | 786087641 | ||
| 003 | DE-627 | ||
| 005 | 20251224191407.0 | ||
| 007 | tu | ||
| 008 | 140520s2014 xxk||||| 00| ||eng c | ||
| 010 | |a 2014013545 | ||
| 016 | 7 | |a GBB4C7056 |2 UK | |
| 020 | |a 9781472427311 |c hardcover : alk. paper |9 978-1-4724-2731-1 | ||
| 035 | |a (DE-627)786087641 | ||
| 035 | |a (DE-576)44539949X | ||
| 035 | |a (DE-599)GBV786087641 | ||
| 035 | |a (OCoLC)903516365 | ||
| 035 | |a (OCoLC)923471119 | ||
| 035 | |a (BL)016940164 | ||
| 040 | |a DE-627 |b ger |c DE-627 |e rakwb | ||
| 041 | |a eng | ||
| 044 | |c XA-GB |c XD-US | ||
| 050 | 0 | |a BL53 | |
| 082 | 0 | |a 200.1/9 |q LOC |2 23 | |
| 082 | 0 | |a 200.19 | |
| 084 | |a 0 |2 ssgn | ||
| 084 | |a BE 1500 |2 rvk |0 (DE-625)rvk/10455: | ||
| 245 | 0 | 4 | |a The roots of religion |b exploring the cognitive science of religion |c edited by Roger Trigg and Justin L. Barrett |
| 264 | 1 | |a Farnham [u.a.] |b Ashgate |c c 2014 | |
| 300 | |a VIII, 232 S. |c 24 cm | ||
| 336 | |a Text |b txt |2 rdacontent | ||
| 337 | |a ohne Hilfsmittel zu benutzen |b n |2 rdamedia | ||
| 338 | |a Band |b nc |2 rdacarrier | ||
| 490 | 0 | |a Ashgate science and religion series | |
| 500 | |a Includes bibliographical references and index | ||
| 505 | 8 | 0 | |t Cognitive and evolutionary studies of religion |r Justin L. Barrett and Roger TriggIntuition, agency detection, and social coordination as analytical and explanatory constructs in the cognitive science of religion / Robert Audi |
| 505 | 8 | 0 | |t Whose intuitions? which dualism? |r Steven Horst |
| 505 | 8 | 0 | |t Explaining religion at different levels: from fundamentalism to pluralism |r Aku Visala |
| 505 | 8 | 0 | |t HADD, determinism and epicureanism: an interdisciplinary investigation |r Robin Attfield |
| 505 | 8 | 0 | |t Understanding 'person' talk: when is it appropriate to think in terms of persons? |r Graham Wood |
| 505 | 8 | 0 | |t Knowledge and the objection to religious belief from cognitive science |r Kelly James Clark and Dani Raboinowitz |
| 505 | 8 | 0 | |t Assessing the third way |r Jason Marsh |
| 505 | 8 | 0 | |t Cognitive science of religion and the rationality of classical theism |r T. J. Mawson |
| 505 | 8 | 0 | |t Cognitive science and the limits of theology |r John Teehan |
| 505 | 8 | 0 | |t Some reflections on cognitive science, doubt, and religious belief |r Joshua C. Thurow |
| 505 | 8 | 0 | |t Human nature and religious freedom |r Roger Trigg. |
| 583 | 1 | |a Archivierung/Langzeitarchivierung gewährleistet |f SSG |x XA-DE-BW |2 pdager |5 DE-21 | |
| 650 | 0 | |a Cognitive Science | |
| 650 | 0 | |a Psychology, Religious | |
| 652 | |a AE | ||
| 655 | 7 | |a Aufsatzsammlung |0 (DE-588)4143413-4 |0 (DE-627)105605727 |0 (DE-576)209726091 |2 gnd-content | |
| 689 | 0 | 0 | |d s |0 (DE-588)4049396-9 |0 (DE-627)106187155 |0 (DE-576)209081880 |2 gnd |a Religion |
| 689 | 0 | 1 | |d s |0 (DE-588)4193780-6 |0 (DE-627)105224596 |0 (DE-576)21008961X |2 gnd |a Kognitionswissenschaft |
| 689 | 0 | |5 DE-101 | |
| 689 | 1 | 0 | |d s |0 (DE-588)1153645505 |0 (DE-627)1015151884 |0 (DE-576)500375216 |2 gnd |a Kognitive Religionswissenschaft |
| 689 | 1 | |5 (DE-627) | |
| 700 | 1 | |e Hrsg. |0 (DE-588)17000452X |0 (DE-627)060006757 |0 (DE-576)163347565 |4 edt |a Trigg, Roger |d 1941- | |
| 700 | 1 | |e editor. |0 (DE-588)136980015 |0 (DE-627)588733784 |0 (DE-576)188967508 |4 oth |a Barrett, Justin L. |d 1971- | |
| 776 | 1 | |z 9781472427779 |c ePub ebook : No price | |
| 776 | 1 | |z 9781472427762 |c PDF ebook : No price | |
| 856 | 4 | 2 | |u https://swbplus.bsz-bw.de/bsz44539949Xinh.htm |m B:DE-576;DE-16 |q application/pdf |v 20151112162003 |x Verlag |3 Inhaltsverzeichnis |7 1 |
| 856 | 4 | 2 | |u https://swbplus.bsz-bw.de/bsz44539949Xkla.htm |m B:DE-576;DE-21 |q application/pdf |v 20151207140859 |x Verlag |3 Klappentext |7 1 |
| 935 | |i Blocktest | ||
| 936 | r | v | |a BE 1500 |b Handbücher, Lehrbücher, Einführungen |k Theologie und Religionswissenschaften |k Religionswissenschaft |k Allgemeines |k Gesamtdarstellungen |k Handbücher, Lehrbücher, Einführungen |0 (DE-627)1270718436 |0 (DE-625)rvk/10455: |0 (DE-576)200718436 |
| 951 | |a BO | ||
| ACO | |a 1 | ||
| ELC | |b 1 | ||
| ITA | |a 1 |t 1 | ||
| LOK | |0 000 xxxxxcx a22 zn 4500 | ||
| LOK | |0 001 3200414782 | ||
| LOK | |0 003 DE-627 | ||
| LOK | |0 004 786087641 | ||
| LOK | |0 005 20151126093600 | ||
| LOK | |0 008 151028||||||||||||||||ger||||||| | ||
| LOK | |0 040 |a DE-21 |c DE-627 |d DE-21 | ||
| LOK | |0 852 |a DE-21 | ||
| LOK | |0 852 1 |c 55 A 7555 |9 00 | ||
| LOK | |0 935 |a theo | ||
| LOK | |0 936ln |a t12 | ||
| LOK | |0 938 |a 1511 |f 1 | ||
| LOK | |0 939 |a 28-10-15 |b l01 | ||
| LOK | |0 000 xxxxxcx a22 zn 4500 | ||
| LOK | |0 001 3200414944 | ||
| LOK | |0 003 DE-627 | ||
| LOK | |0 004 786087641 | ||
| LOK | |0 005 20181105133946 | ||
| LOK | |0 008 181105||||||||||||||||ger||||||| | ||
| LOK | |0 040 |a DE-Tue135 |c DE-627 |d DE-Tue135 | ||
| LOK | |0 092 |o n | ||
| LOK | |0 852 |a DE-Tue135 | ||
| LOK | |0 852 1 |9 00 | ||
| LOK | |0 935 |a ixse | ||
| LOK | |0 936ln |0 1442043024 |a AE | ||
| LOK | |0 939 |a 05-11-18 |b l01 | ||
| ORI | |a SA-MARC-ixtheoa001.raw | ||
| REL | |a 1 | ||
| SPR | |a 1 |t IXT |t REL | ||
| STA | 0 | 0 | |a Cognitive science,Religion,Religion in literature,Religions,Religion |
| STB | 0 | 0 | |a Religion,Religions,Religion,Science cognitive |
| STC | 0 | 0 | |a Ciencia cognitiva,Religión,Religión,Religión |
| STD | 0 | 0 | |a Religione,Religione,Religione,Scienza cognitiva |
| STE | 0 | 0 | |a 宗教,宗教,认知科学 |
| STF | 0 | 0 | |a 宗教,宗教,認知科學 |
| STG | 0 | 0 | |a Ciência cognitiva,Religião,Religião |
| STH | 0 | 0 | |a Когнитивистика,Религия,Религия (мотив) |
| STI | 0 | 0 | |a Γνωσιακή επιστήμη,Γνωστική επιστήμη,Θρησκεία,Θρησκεία (μοτίβο) |
| SUB | |a REL | ||
| SYG | 0 | 0 | |a Religion,Mystik,Mythologie , Kognitive Wissenschaft,Cognitive Science,Kognitionsforschung , Cognitive science of religion |



